zpět

Detail výsledku týmu

Sportcentrum, Vysoké Mýto

Datum a čas kvízu

17.5 Celkem bodů Celkový počet nahraných bodů na tomto kvízu bez doplňovacích otázek.
4. Pořadí na kvízu Konečné umístění týmu na tomto kvízu.

Zaznamenané odpovědi

# Otázka Odpověď Body Výsledky
1. V pondělí se konal ustavující... GEN 0
2. Oblíbená turistická atrakce, 6... v Krakově 1
3. Ministerstvo kultury učinilo d... C) česká pivní kultura 0
4. Jistý internetový portál nabíz... Seznam.cz 0
5. O víkendu proběhly v Ostravě k... (Jižní) Korea, Tomáš Berdych 0
6. Začneme největšími společnými... Poupata 0
7. Tento taneční fitness program... zumba 0
8. Cvičení na tomto „půlmíči“ je... BOSU 1
9. Jógu, přesněji řečeno hatha jó... ásany 0
10. Jak se jmenuje tato 55letá žen... Olga Studničková (Šípková) 0